000 00384nam a2200145 4500
999 _c732
_d732
008 191125b ||||| |||| 00| 0 eng d
082 0 0 _a623.87
_bK521
100 _9259
_aKing, Reno C.
245 1 0 _aPractical Marine Engineering
_cby Reno C King
250 _a1st ed.
260 _aNew York
_bPrentice Hall
_c1948
300 _ax, 470 p.
650 0 _aMarine Engineering
942 _2ddc
_cBK